01431cpcaa2200313 a 4500001001300000003000400013005001700017008004100034010001700075040002400092072001200116245004200128300001500170300001800185300002200203506002200225520040900247580005900656600005300715600003700768600005300805600005300858600005300911600002300964610003300987650005201020656002801072999001701100mm 70054114 DLC20260227111614.0730217|||||||||||| eng  amm 70054114  aDLCcDLCdDLCedacs 7aW2lcmd00aWainwright family papers,f1842-1941. a20fitems. a1fcontainer. a0.4flinear feet.0 aOpen to research.8 aLetters (1842-1848) of Richard Wainwright (1817-1862) to his family; two letterbooks (1900-1902) of Richard Wainwright (1849-1926) while superintendent of the United States Naval Academy, Annapolis, Md.; typescript or holograph articles on naval topics (1924 and undated); carbon copy of a letter (1941 May 27) to Richard Wainwright (1881-1944) from Dudley W. Knox; and notes (undated) on family members. aForms part of: Naval Historical Foundation collection.10aWainwright, Richard,d1817-1862vCorrespondence.10aWainwright, Richard,d1849-1926.10aWainwright, Richard,d1849-1926vCorrespondence.10aWainwright, Richard,d1881-1944vCorrespondence.10aKnox, Dudley Wright,d1877-1960vCorrespondence.30aWainwright family.20aUnited States Naval Academy. 0aUniversities and collegeszMarylandzAnnapolis. 7aNaval officers.2itoamc c39216d39216